000 00442nam a2200157 i 4500
001 34429
003 ES-MaACL
005 20230906154930.0
007 t|
008 030207s1932 sp ||||1| spa d
100 1 _aBonet, Carlos.
_930113
245 1 0 _aHacia el Madrid que necesitamos /
_cpor Carlos Bonet.
260 _aMadrid :
_b[s.n.,
_c1932] (
_fArtes Gráficas Municipales)
300 _a26 p. ;
_c22 cm.
852 _aES-MaACL
_j1764-F-15
999 _c34429
_d34429